000 00356 a2200169 4500
001 173385
020 _a85-08-03999-9
040 _cMagnum
100 _aFrança, Mary
240 1 0 _aNúmeros dos pingos!
_lpor
245 1 0 _aNúmeros dos pingos!
300 _a48
362 0 _a1991
440 1 _aÁtica
697 _aLITERATURA INFANTIL
942 _cBK
999 _c173385
_d173385